[Event "ch-USA Seniors 2025"]
[Site "Saint Louis USA"]
[Date "2025.07.15"]
[Round "1.1"]
[White "Shabalov, Alexander"]
[Black "Christiansen, Larry"]
[Result "0-1"]
[WhiteTitle "GM"]
[BlackTitle "GM"]
[WhiteElo "2478"]
[BlackElo "2571"]
[WhiteFideId "2008572"]
[BlackFideId "2000059"]
[EventDate "2025.07.15"]

1. e4 c5 2. Nf3 e6 3. d4 cxd4 4. Nxd4 a6 5. Nc3 b5 6. Bd3 Bb7 7. Qe2 Nc6 8. Nxc6
Bxc6 9. Bd2 Bc5 10. O-O-O Ne7 11. e5 Bd4 12. f4 Bxc3 13. Bxc3 Nd5 14. Bd2 b4 15.
Qg4 g6 16. h4 Qa5 17. Bc4 Qc5 18. Bb3 a5 19. Qe2 Nc3 20. Bxc3 bxc3 21. Rh3 cxb2+
22. Kb1 a4 23. Bc4 Rb8 24. h5 Rb4 25. Bd3 Rf8 26. hxg6 hxg6 27. Qd2 Rd4 28. c3
Rd5 29. Qxb2 Ke7 30. a3 d6 31. Re1 Qa7 32. Kc1 Rb8 33. Qc2 Qc5 34. Kd2 Qf2+ 35.
Kd1 Qxf4 36. Rf3 Qc4 37. Ref1 Be8 38. exd6+ Rxd6 39. Ke2 Qc5 40. Qc1 Rb3 41. Qf4
Rb2+ 42. Kd1 Qxc3 0-1

[Event "ch-USA Seniors 2025"]
[Site "Saint Louis USA"]
[Date "2025.07.15"]
[Round "1.2"]
[White "Dlugy, Maxim"]
[Black "Akopian, Vladimir"]
[Result "1/2-1/2"]
[WhiteTitle "GM"]
[BlackTitle "GM"]
[WhiteElo "2514"]
[BlackElo "2586"]
[WhiteFideId "2000075"]
[BlackFideId "13300032"]
[EventDate "2025.07.15"]

1. d4 d5 2. Bf4 c5 3. e3 cxd4 4. exd4 Nc6 5. c3 Bf5 6. Nf3 e6 7. Qb3 Qc8 8. Be2
Nf6 9. Nbd2 Be7 10. O-O h6 11. Ne5 O-O 12. a4 Nd7 13. Bd3 g5 14. Be3 Ndxe5 15.
Bxf5 exf5 16. dxe5 Nxe5 17. Qxd5 Qe6 18. Qb5 a6 19. Qe2 Rad8 20. Nf3 Qc4 21.
Rfe1 Qxe2 22. Rxe2 Nxf3+ 23. gxf3 Bf6 24. Bc5 Rfe8 25. Rxe8+ Rxe8 26. Kf1 g4 27.
Rd1 gxf3 28. Rd3 Re2 29. Ba3 Re4 30. b3 Be5 31. h3 Re2 32. Rxf3 Ra2 33. Bb4 f4
34. Rd3 Kg7 35. Kg2 Kg6 36. Kf3 Rb2 37. c4 Kf5 38. Ba3 Rb1 39. Bf8 h5 40. Bc5 f6
41. Bb6 Rh1 42. Kg2 Ke4 43. Rd7 Rb1 44. f3+ Kf5 45. Rd3 Rb2+ 46. Kf1 Rb1+ 47.
Kg2 Rb2+ 48. Bf2 Ke6 49. Kf1 Rb1+ 50. Ke2 Rb2+ 51. Kf1 Rb1+ 52. Ke2 Rb2+ 53. Kf1
Rb1+ 54. Ke2 Rb2+ 1/2-1/2

[Event "ch-USA Seniors 2025"]
[Site "Saint Louis USA"]
[Date "2025.07.15"]
[Round "1.3"]
[White "Kaidanov, Gregory"]
[Black "Benjamin, Joel"]
[Result "1/2-1/2"]
[WhiteTitle "GM"]
[BlackTitle "GM"]
[WhiteElo "2505"]
[BlackElo "2473"]
[WhiteFideId "2008564"]
[BlackFideId "2000091"]
[EventDate "2025.07.15"]

1. e4 e5 2. Nf3 Nc6 3. Bc4 Nf6 4. d3 Be7 5. Nc3 d6 6. a3 O-O 7. Be3 Be6 8. Bxe6
fxe6 9. Ne2 Qe8 10. Ng3 Ng4 11. O-O Qg6 12. c3 h5 13. Kh1 h4 14. Ne2 h3 15. gxh3
Nxe3 16. fxe3 Qh6 17. Qb3 Nd8 18. Ng3 Kh8 19. h4 Qxe3 20. Ng5 Rf4 21. Nxe6 Nxe6
22. Qxe6 Bxh4 23. Nf5 Rxf1+ 24. Rxf1 Qe2 25. Ng3 Bxg3 26. Qh3+ Kg8 27. Qe6+ Kh8
28. Qh3+ Kg8 29. hxg3 Qxd3 30. Qe6+ Kh8 31. Qh3+ Kg8 32. Qe6+ Kh8 33. Qh3+ Kg8 1/2-1/2

[Event "ch-USA Seniors 2025"]
[Site "Saint Louis USA"]
[Date "2025.07.15"]
[Round "1.4"]
[White "Fishbein, Alexander"]
[Black "Novikov, Igor"]
[Result "0-1"]
[WhiteTitle "GM"]
[BlackTitle "GM"]
[WhiteElo "2368"]
[BlackElo "2485"]
[WhiteFideId "2000377"]
[BlackFideId "14100037"]
[EventDate "2025.07.15"]

1. c4 e6 2. Nc3 Nf6 3. e4 c5 4. e5 Ng8 5. Nf3 Nc6 6. d4 cxd4 7. Nxd4 Nxe5 8.
Ndb5 f6 9. Bf4 a6 10. Nd6+ Bxd6 11. Qxd6 Nf7 12. Qd2 Ne7 13. Bd3 O-O 14. O-O d6
15. Be3 Bd7 16. Rad1 Rc8 17. b3 Qc7 18. Rfe1 b5 19. Bf4 e5 20. Rc1 Qb7 21. Be3
Bc6 22. f3 Rfd8 23. Qc2 g6 24. Qf2 Kg7 25. Bb6 Rd7 26. cxb5 axb5 27. a4 bxa4 28.
bxa4 d5 29. a5 Nd6 30. f4 e4 31. Bf1 Qa8 32. Red1 Rb8 33. Qc5 Ndc8 34. Ra1 d4
35. Nb5 Nxb6 36. axb6 Qb7 37. Nxd4 Qxb6 38. Qxb6 Rxb6 39. Rac1 Ba4 40. Rd2 Rbd6
41. Rc4 Bb5 42. Nxb5 Rxd2 43. Rxe4 Nf5 44. Re2 Rxe2 45. Bxe2 Nd4 46. Nxd4 Rxd4
47. g3 Kf7 48. Kf2 Ke6 49. Ke3 Ra4 50. Bg4+ Kd6 51. Be2 Kc5 52. h4 Ra3+ 53. Kf2
Kd4 54. Bb5 Rc3 55. Bf1 Rb3 56. Bh3 Rb1 57. Kf3 Rc1 58. Kf2 h5 59. Be6 Ke4 60.
Kg2 Rc7 61. Bb3 f5 62. Kf2 Rb7 63. Bc2+ Kd4 64. Ba4 Rb6 65. Kf3 Kd3 66. Kf2 Kd2
67. Bd7 Rd6 68. Bb5 Kc3 69. Kf3 Kd4 70. Ba4 Re6 71. Bd7 Re3+ 72. Kf2 Rc3 73. Be8
Ke4 74. Bxg6 Rc2+ 75. Ke1 Rg2 76. Bxh5 Rxg3 77. Kf2 Rh3 78. Be8 Rxh4 79. Bc6+
Kxf4 80. Kg2 Rh6 0-1

[Event "ch-USA Seniors 2025"]
[Site "Saint Louis USA"]
[Date "2025.07.15"]
[Round "1.5"]
[White "Taylor, Timothy"]
[Black "Goldin, Alexander"]
[Result "0-1"]
[WhiteTitle "IM"]
[BlackTitle "GM"]
[WhiteElo "2147"]
[BlackElo "2541"]
[WhiteFideId "2000393"]
[BlackFideId "2019540"]
[EventDate "2025.07.15"]

1. e4 e5 2. f4 Bc5 3. Nf3 d6 4. c3 Nc6 5. d4 exd4 6. cxd4 Bb6 7. Bb5 Nf6 8. d5
O-O 9. dxc6 Nxe4 10. Qe2 a6 11. Bd3 Nf2 12. Rf1 Re8 13. Rxf2 Bxf2+ 14. Kxf2
Rxe2+ 15. Bxe2 bxc6 16. Nc3 a5 17. Be3 Ba6 18. Bxa6 Rxa6 19. Re1 Ra8 20. a4 Rb8
21. Re2 Qd7 22. g3 Re8 23. Bd2 Rxe2+ 24. Nxe2 Qf5 25. Nfd4 Qd5 26. Bc3 Kf8 27.
Nc1 Qc4 28. Ndb3 Qxa4 29. Bxa5 Ke7 30. Bc3 g6 31. f5 Qe4 32. fxg6 hxg6 33. Ne2
c5 34. h4 Qc2 35. Nd2 d5 36. Nf3 d4 37. Nxd4 cxd4 38. Bxd4 Qe4 39. Bc3 Ke6 40.
Nd4+ Kd5 41. Nf3 Qd3 42. Nd2 Ke6 43. Nf3 Kf5 44. Ne5 Qc2+ 45. Kf3 f6 46. g4+ Ke6
47. Nc6 Qd1+ 0-1

[Event "ch-USA Seniors 2025"]
[Site "Saint Louis USA"]
[Date "2025.07.16"]
[Round "2.1"]
[White "Goldin, Alexander"]
[Black "Fishbein, Alexander"]
[Result "1/2-1/2"]
[WhiteTitle "GM"]
[BlackTitle "GM"]
[WhiteElo "2541"]
[BlackElo "2368"]
[WhiteFideId "2019540"]
[BlackFideId "2000377"]
[EventDate "2025.07.15"]

1. Nf3 Nf6 2. c4 g6 3. g3 Bg7 4. Bg2 d6 5. d4 O-O 6. Nc3 c6 7. O-O Bf5 8. b3 Ne4
9. Bb2 Nxc3 10. Bxc3 Be4 11. Rc1 Na6 12. e3 Qd7 13. Qe2 Rad8 14. Rfd1 Qc8 15. b4
Nc7 16. Bf1 Qg4 17. Nd2 Qxe2 18. Bxe2 Bf5 19. Nb3 Bc8 20. d5 Bd7 21. Bxg7 Kxg7
22. Na5 cxd5 23. cxd5 Rc8 24. Nxb7 Ba4 25. Rd2 Nxd5 26. Rxc8 Rxc8 27. Rxd5 Rc1+
28. Kg2 Bc6 29. Bf3 Bxb7 30. Ra5 Bxf3+ 31. Kxf3 Rc7 32. e4 Kf6 33. Ke3 Ke6 34.
Kd3 Kd7 35. e5 dxe5 36. Rxe5 Rc6 37. a4 a6 38. Re1 e6 39. Re4 Rb6 40. Kc4 Rc6+
41. Kb3 Rd6 42. Kc3 Rb6 43. f4 h5 44. h4 f6 45. Rd4+ Ke7 46. Rc4 Kd7 47. Rc5 Rb8
48. b5 axb5 49. axb5 Ra8 50. Kb4 Ra1 51. b6 Kd6 52. Rc8 Rb1+ 53. Ka5 Rb3 54. Rc1
e5 55. fxe5+ fxe5 56. Rc4 Rxg3 57. b7 Rb3 58. Rb4 Rxb4 59. Kxb4 Kc7 60. Kc4 Kxb7
61. Kd5 Kc7 62. Kxe5 Kd7 63. Kf6 Ke8 64. Kxg6 Kf8 65. Kxh5 Kg7 66. Kg5 Kh8 67.
h5 Kg8 68. h6 Kh7 69. Kf5 Kxh6 1/2-1/2

[Event "ch-USA Seniors 2025"]
[Site "Saint Louis USA"]
[Date "2025.07.16"]
[Round "2.2"]
[White "Akopian, Vladimir"]
[Black "Shabalov, Alexander"]
[Result "1/2-1/2"]
[WhiteTitle "GM"]
[BlackTitle "GM"]
[WhiteElo "2586"]
[BlackElo "2478"]
[WhiteFideId "13300032"]
[BlackFideId "2008572"]
[EventDate "2025.07.15"]

1. Nf3 d5 2. g3 Nf6 3. Bg2 c6 4. O-O Bf5 5. c4 e6 6. cxd5 exd5 7. d3 Bc5 8. Qc2
Nbd7 9. Nh4 Be6 10. e4 Bb6 11. h3 Ne5 12. Bf4 Ng6 13. Bg5 Qd7 14. Kh2 Ng8 15. f4
Nxh4 16. Bxh4 f6 17. exd5 Bxd5 18. Bxd5 cxd5 19. Nc3 Ne7 20. Rae1 O-O 21. g4
Rad8 22. Na4 Bd4 23. Nc5 Rc8 24. Nxd7 Rxc2+ 25. Kh1 Re8 26. b4 b6 27. Nb8 Kf7
28. Na6 Rec8 29. b5 Rxa2 30. Bg3 Ra3 31. f5 Rxd3 32. Bd6 Ng8 33. Nb4 Rxh3+ 34.
Kg2 Rcc3 35. Nc6 Be5 36. Bxe5 fxe5 37. Nxe5+ Kf8 38. Nd7+ Kf7 39. Ne5+ Kf8 40.
Nd7+ Kf7 41. Ne5+ 1/2-1/2

[Event "ch-USA Seniors 2025"]
[Site "Saint Louis USA"]
[Date "2025.07.16"]
[Round "2.3"]
[White "Christiansen, Larry"]
[Black "Taylor, Timothy"]
[Result "1/2-1/2"]
[WhiteTitle "GM"]
[BlackTitle "IM"]
[WhiteElo "2571"]
[BlackElo "2147"]
[WhiteFideId "2000059"]
[BlackFideId "2000393"]
[EventDate "2025.07.15"]

1. d4 d5 2. c4 e5 3. dxe5 d4 4. Nf3 Nc6 5. g3 Nge7 6. Bg2 Ng6 7. O-O Ngxe5 8.
Nxe5 Nxe5 9. b3 Bc5 10. Bb2 O-O 11. Nd2 Be7 12. Nf3 Nxf3+ 13. Bxf3 c5 14. e3
dxe3 15. fxe3 Bg5 16. Qxd8 Bxe3+ 17. Kh1 Rxd8 18. Rfe1 Bd4 19. Bxd4 cxd4 20.
Rad1 Kf8 21. Bd5 Bg4 22. Rxd4 Bf3+ 23. Kg1 Rac8 24. Re5 Bxd5 25. Rexd5 Rxd5 26.
Rxd5 Ke7 27. Kf2 Rc6 28. Ke3 Rh6 29. h4 Rf6 30. a4 b6 31. a5 h6 32. b4 Rg6 33.
Re5+ Kd6 34. Rd5+ Ke7 35. Kf3 Rf6+ 36. Ke4 Re6+ 37. Kf3 Rf6+ 38. Ke2 Re6+ 39.
Kf3 Rf6+ 1/2-1/2

[Event "ch-USA Seniors 2025"]
[Site "Saint Louis USA"]
[Date "2025.07.16"]
[Round "2.4"]
[White "Benjamin, Joel"]
[Black "Novikov, Igor"]
[Result "1/2-1/2"]
[WhiteTitle "GM"]
[BlackTitle "GM"]
[WhiteElo "2473"]
[BlackElo "2485"]
[WhiteFideId "2000091"]
[BlackFideId "14100037"]
[EventDate "2025.07.15"]

1. e4 c5 2. c3 d5 3. exd5 Qxd5 4. d4 Nf6 5. Nf3 e6 6. Be3 cxd4 7. cxd4 Nc6 8.
Nc3 Qd6 9. a3 Be7 10. Bd3 O-O 11. Qc2 Bd7 12. O-O Rac8 13. Rad1 Rfd8 14. Rfe1
Be8 15. h3 h6 16. Qc1 Bf8 17. Bf4 Qd7 18. Bb1 Nd5 19. Nxd5 Qxd5 20. Qc2 g6 21.
Qd2 Bg7 22. Be4 Qa5 23. Qxa5 Nxa5 24. b4 Nc6 25. d5 exd5 26. Bxd5 b5 27. Be4
Rxd1 28. Rxd1 h5 29. Be3 Bb2 30. Rb1 Bf6 31. Rd1 Bb2 32. Rb1 Bf6 33. Rd1 Bb2 1/2-1/2

[Event "ch-USA Seniors 2025"]
[Site "Saint Louis USA"]
[Date "2025.07.16"]
[Round "2.5"]
[White "Kaidanov, Gregory"]
[Black "Dlugy, Maxim"]
[Result "1-0"]
[WhiteTitle "GM"]
[BlackTitle "GM"]
[WhiteElo "2505"]
[BlackElo "2514"]
[WhiteFideId "2008564"]
[BlackFideId "2000075"]
[EventDate "2025.07.15"]

1. e4 c5 2. Nf3 d6 3. d4 cxd4 4. Nxd4 Nf6 5. Nc3 Nc6 6. Bc4 e6 7. Be3 Be7 8. Qe2
O-O 9. O-O-O d5 10. Nf3 Nxe4 11. Nxe4 Qc7 12. Bd3 dxe4 13. Bxe4 e5 14. Qc4 Be6
15. Bd5 Bxd5 16. Rxd5 Rad8 17. Rxe5 Rc8 18. Re4 b5 19. Qe2 Nb4 20. Kb1 f5 21.
Re6 Bf6 22. c3 Nd5 23. Rd1 Rfd8 24. Bg5 Qd7 25. Bxf6 Nxc3+ 26. bxc3 Qxd1+ 27.
Qxd1 Rxd1+ 28. Kc2 Rd7 29. Bd4 b4 30. Re5 bxc3 31. Rxf5 Rb7 32. Ra5 Rb2+ 33. Kd3
Rc7 34. Rxa7 Rxa7 35. Bxa7 c2 36. Kd2 Rxa2 37. Be3 Kf7 38. Nd4 c1=Q+ 39. Kxc1 g5
40. h3 Kg6 41. Kb1 Ra8 42. Nf3 h6 43. Kc2 Rd8 44. Bd2 Rd6 45. Kd1 Re6 46. Be3
Ra6 47. Ke2 Kf5 48. g4+ Ke4 49. Nd2+ Kd5 50. Kf3 Ke5 51. Kg3 Kf6 52. Nf3 Ra5 53.
h4 gxh4+ 54. Nxh4 h5 55. g5+ Ke5 56. Ng2 Ra1 57. Nf4 Rg1+ 58. Kh2 Rg4 59. f3
Rh4+ 60. Kg3 Rh1 61. Kg2 Rb1 62. Nxh5 1-0

[Event "ch-USA Seniors 2025"]
[Site "Saint Louis USA"]
[Date "2025.07.17"]
[Round "3.1"]
[White "Novikov, Igor"]
[Black "Goldin, Alexander"]
[Result "1/2-1/2"]
[WhiteTitle "GM"]
[BlackTitle "GM"]
[WhiteElo "2485"]
[BlackElo "2541"]
[WhiteFideId "14100037"]
[BlackFideId "2019540"]
[EventDate "2025.07.15"]

1. d4 Nf6 2. c4 e6 3. Nf3 d5 4. g3 Bb4+ 5. Bd2 Bd6 6. Nc3 O-O 7. Qc2 Nc6 8. Bg2
dxc4 9. Nb5 Be7 10. Qxc4 Ne4 11. Rd1 Nd6 12. Nxd6 cxd6 13. d5 exd5 14. Qd3 Be6
15. Bc3 Bf6 16. O-O Rc8 17. Bxf6 Qxf6 18. Rd2 Rc7 19. Qa3 Qe7 20. Rfd1 Rfc8 21.
Ne1 a6 22. Nd3 h6 23. Nf4 d4 24. b3 Na7 25. Qb4 Nb5 26. a4 Nc3 27. Re1 a5 28.
Qxa5 Bxb3 29. Qb4 Bxa4 30. Qxd4 b5 31. Qb6 Rc4 32. Nd5 Nxd5 33. Bxd5 Rc2 34.
Rxc2 Rxc2 35. e4 Qc7 36. Qa6 g6 37. Re3 Kg7 38. Rf3 f6 39. Kg2 Rc5 40. Qa8 Qc8
41. Qa7+ Qc7 42. Qa8 Qc8 43. Qa7+ Qc7 44. Qa8 1/2-1/2

[Event "ch-USA Seniors 2025"]
[Site "Saint Louis USA"]
[Date "2025.07.17"]
[Round "3.2"]
[White "Taylor, Timothy"]
[Black "Akopian, Vladimir"]
[Result "0-1"]
[WhiteTitle "IM"]
[BlackTitle "GM"]
[WhiteElo "2147"]
[BlackElo "2586"]
[WhiteFideId "2000393"]
[BlackFideId "13300032"]
[EventDate "2025.07.15"]

1. d4 Nf6 2. c4 e6 3. Nc3 Bb4 4. Bg5 c5 5. d5 h6 6. Bh4 d6 7. e3 Bxc3+ 8. bxc3
e5 9. Qc2 Qe7 10. Nf3 Kd8 11. Nd2 Nbd7 12. Bd3 Kc7 13. O-O g5 14. Bg3 h5 15. h4
Ng4 16. Nf3 f6 17. a4 a5 18. Rab1 Nh6 19. Rb5 b6 20. Rfb1 Rb8 21. R5b2 Ba6 22.
Nd2 f5 23. hxg5 Qxg5 24. Nf3 Qg4 25. Be2 Qg6 26. Bh4 Nf7 27. Be7 h4 28. Nxh4
Rxh4 29. Bxh4 Rh8 30. Bg3 Ng5 31. Bg4 Qh6 32. f4 Ne4 33. Bh3 Nxg3 34. fxe5 Qxe3+
35. Qf2 Qxe5 36. Re1 Qxc3 37. Re3 Qc1+ 38. Re1 Qg5 39. Rb3 f4 40. Rf3 Bxc4 41.
Rxf4 Rxh3 42. gxh3 Ne2+ 0-1

[Event "ch-USA Seniors 2025"]
[Site "Saint Louis USA"]
[Date "2025.07.17"]
[Round "3.3"]
[White "Dlugy, Maxim"]
[Black "Benjamin, Joel"]
[Result "1/2-1/2"]
[WhiteTitle "GM"]
[BlackTitle "GM"]
[WhiteElo "2514"]
[BlackElo "2473"]
[WhiteFideId "2000075"]
[BlackFideId "2000091"]
[EventDate "2025.07.15"]

1. d4 Nf6 2. Bf4 c6 3. Nf3 Qb6 4. b3 d6 5. Nbd2 Bg4 6. h3 Bxf3 7. Nxf3 Nbd7 8.
e3 e5 9. Bh2 d5 10. Nxe5 Qa5+ 11. Ke2 Ne4 12. Qd3 Nxe5 13. Bxe5 f6 14. Bh2 Ba3
15. f3 Nc3+ 16. Kf2 O-O 17. Bc7 b6 18. Qa6 Qb4 19. Bd3 Rf7 20. Bg3 Re8 21. Rae1
Rfe7 22. Rhf1 Nxa2 23. Ra1 Bc1 24. Bf4 Bxe3+ 25. Bxe3 Rxe3 26. Rxa2 Qxd4 27. Kg3
Qe5+ 28. Kf2 Qd4 29. Kg3 Qe5+ 30. Kf2 Qd4 31. Kg3 1/2-1/2

[Event "ch-USA Seniors 2025"]
[Site "Saint Louis USA"]
[Date "2025.07.17"]
[Round "3.4"]
[White "Fishbein, Alexander"]
[Black "Christiansen, Larry"]
[Result "1-0"]
[WhiteTitle "GM"]
[BlackTitle "GM"]
[WhiteElo "2368"]
[BlackElo "2571"]
[WhiteFideId "2000377"]
[BlackFideId "2000059"]
[EventDate "2025.07.15"]

1. e4 c6 2. Nf3 d5 3. d3 g6 4. Nbd2 Bg7 5. g3 Nh6 6. Bg2 O-O 7. O-O e5 8. c3 Na6
9. d4 f6 10. Re1 Nf7 11. dxe5 fxe5 12. Nb3 Bg4 13. h3 Be6 14. Be3 b6 15. exd5
cxd5 16. Bd4 exd4 17. Rxe6 dxc3 18. bxc3 Rc8 19. Rc1 Nc7 20. Nfd4 Qd7 21. Re2
Nd6 22. Qd3 Kh8 23. Rce1 Rce8 24. h4 Rxe2 25. Rxe2 Re8 26. Nc1 Ndb5 27. Bh3 Qxh3
28. Rxe8+ Nxe8 29. Qxb5 Nf6 30. Qc6 Qd7 31. Qa8+ Qe8 32. Qxa7 Ne4 33. Qxb6 Nxc3
34. Ne6 d4 35. Nd3 Qa8 36. Nxg7 Ne2+ 37. Kf1 Qf3 38. Qb8+ Kxg7 39. Qe5+ Kf7 40.
Ne1 Nxg3+ 41. Qxg3 Qh1+ 42. Ke2 1-0

[Event "ch-USA Seniors 2025"]
[Site "Saint Louis USA"]
[Date "2025.07.17"]
[Round "3.5"]
[White "Shabalov, Alexander"]
[Black "Kaidanov, Gregory"]
[Result "1-0"]
[WhiteTitle "GM"]
[BlackTitle "GM"]
[WhiteElo "2478"]
[BlackElo "2505"]
[WhiteFideId "2008572"]
[BlackFideId "2008564"]
[EventDate "2025.07.15"]

1. e4 e6 2. d4 d5 3. Nc3 Nf6 4. Bg5 dxe4 5. Nxe4 Be7 6. Bxf6 Bxf6 7. Nf3 Nd7 8.
c3 Be7 9. Qc2 c5 10. dxc5 Nxc5 11. Nxc5 Bxc5 12. Bb5+ Kf8 13. O-O Qc7 14. Rad1
a6 15. Bd3 g6 16. c4 Kg7 17. Qc3+ f6 18. b4 Be7 19. Be4 Bd7 20. Rfe1 Rhe8 21. a3
Rad8 22. h3 Bc8 23. c5 Rxd1 24. Rxd1 e5 25. Bd5 Rd8 26. Rd2 a5 27. Bb3 axb4 28.
axb4 Rxd2 29. Nxd2 b6 30. Qc4 bxc5 31. Ne4 Qd7 32. bxc5 Qd8 33. c6 f5 34. Nc3
Qd2 35. Qf7+ Kh6 36. Qxe7 Qxc3 37. Qh4+ Kg7 38. Qe7+ Kh6 39. Qf8+ Kg5 40. Qd8+
Kh6 41. Qf8+ Kg5 42. h4+ Kf4 43. Bd5 g5 44. Qh6 Qe1+ 45. Kh2 e4 46. Qd6+ 1-0

[Event "ch-USA Seniors 2025"]
[Site "Saint Louis USA"]
[Date "2025.07.18"]
[Round "4.1"]
[White "Kaidanov, Gregory"]
[Black "Taylor, Timothy"]
[Result "1/2-1/2"]
[WhiteTitle "GM"]
[BlackTitle "IM"]
[WhiteElo "2505"]
[BlackElo "2147"]
[WhiteFideId "2008564"]
[BlackFideId "2000393"]
[EventDate "2025.07.15"]

1. e4 d5 2. exd5 Nf6 3. Nf3 Bg4 4. c4 e6 5. dxe6 Bxf3 6. Qxf3 Nc6 7. d3 Nd4 8.
Qd1 Qe7 9. Be2 Qxe6 10. Be3 Bc5 11. Nc3 O-O-O 12. O-O Rhe8 13. Bxd4 Bxd4 14. Bf3
c6 15. Qd2 Be5 16. Rad1 Ng4 17. Bxg4 Qxg4 18. Rfe1 f5 19. h3 Qh5 20. Ne2 g5 21.
d4 g4 22. Qc3 gxh3 23. gxh3 f4 24. dxe5 Rxd1 25. Rxd1 Qxe2 26. Qd4 Qxe5 27. Qxe5
Rxe5 28. Kf1 f3 29. Rd3 Re2 30. b3 Rxa2 31. Rxf3 Rb2 32. Ke1 Kc7 33. Kd1 Kb6 34.
Kc1 Re2 35. Rf5 Re4 36. Rh5 Rf4 37. Rxh7 Rxf2 38. Rh5 c5 39. h4 Ka5 40. Rxc5+
Kb4 41. Rb5+ Kc3 42. Kd1 b6 43. h5 Rh2 44. Ke1 a6 45. Rxb6 Rxh5 46. Ke2 a5 47.
Rb5 Rh2+ 48. Ke3 a4 49. bxa4 Kxc4 50. Rg5 Ra2 51. a5 Kb4 52. Kd3 Rxa5 53. Rxa5
Kxa5 1/2-1/2

[Event "ch-USA Seniors 2025"]
[Site "Saint Louis USA"]
[Date "2025.07.18"]
[Round "4.2"]
[White "Christiansen, Larry"]
[Black "Novikov, Igor"]
[Result "1-0"]
[WhiteTitle "GM"]
[BlackTitle "GM"]
[WhiteElo "2571"]
[BlackElo "2485"]
[WhiteFideId "2000059"]
[BlackFideId "14100037"]
[EventDate "2025.07.15"]

1. d4 d5 2. c4 e6 3. Nc3 c6 4. e3 Nf6 5. Nf3 Nbd7 6. h3 Bd6 7. Bd3 O-O 8. O-O e5
9. cxd5 cxd5 10. dxe5 Nxe5 11. b3 Nxf3+ 12. Qxf3 Be5 13. Bb2 Be6 14. Qe2 Bd7 15.
Qd2 Qa5 16. a3 Rac8 17. b4 Qd8 18. Ne2 Qe7 19. Rac1 Rfd8 20. Rfd1 Rxc1 21. Rxc1
Rc8 22. Bd4 Bxd4 23. Nxd4 Qd8 24. Rc3 g6 25. Qc1 Ne8 26. Rc5 Rc7 27. Ne2 Qc8 28.
Rxc7 Qxc7 29. Qb2 Qd6 30. Qd4 b6 31. Nc3 Bc6 32. Be2 Qf6 33. Qd3 Nc7 34. Bf1 Qe5
35. f4 Qf6 36. Kh2 Ne6 37. Nxd5 Bxd5 38. Qxd5 Qa1 39. Qd3 h5 40. Be2 h4 41. Bg4
f5 42. Bd1 Kh7 43. Qd7+ Ng7 44. Qd8 Qxa3 45. Qxh4+ Kg8 46. Qd8+ Kh7 47. Qe7 Qd3
48. Bf3 a5 49. bxa5 bxa5 50. Bc6 Kg8 51. Qe5 Qd8 52. e4 Kh7 53. Bd5 a4 54. exf5
Nxf5 55. Be6 Qd6 56. Qe4 Ng7 57. Bd5 Nh5 58. Qe5 Qxe5 59. fxe5 Kg7 60. g3 Kf8
61. Kg2 Ke7 62. Kf3 Ng7 63. g4 Ne6 64. h4 a3 65. h5 gxh5 66. gxh5 Ng5+ 67. Kg4
Nf7 68. Kf5 Kf8 69. e6 Nd6+ 70. Kg6 Nc8 71. Ba2 Ne7+ 72. Kg5 Kg7 73. h6+ Kf8 74.
Bb3 1-0

[Event "ch-USA Seniors 2025"]
[Site "Saint Louis USA"]
[Date "2025.07.18"]
[Round "4.3"]
[White "Akopian, Vladimir"]
[Black "Fishbein, Alexander"]
[Result "1-0"]
[WhiteTitle "GM"]
[BlackTitle "GM"]
[WhiteElo "2586"]
[BlackElo "2368"]
[WhiteFideId "13300032"]
[BlackFideId "2000377"]
[EventDate "2025.07.15"]

1. e4 e5 2. Nf3 Nc6 3. Bb5 a6 4. Ba4 Nf6 5. d3 d6 6. c3 g6 7. O-O Bg7 8. Re1 O-O
9. h3 Re8 10. Be3 h6 11. Nbd2 Bd7 12. a3 a5 13. Qc2 d5 14. exd5 Nxd5 15. Ne4
Nxe3 16. Rxe3 Ne7 17. c4 Nf5 18. Ree1 Bxa4 19. Qxa4 c6 20. Rad1 Nd4 21. Nxd4
Qxd4 22. Qc2 b6 23. c5 bxc5 24. Nxc5 f5 25. Re4 Qd5 26. Rc4 Rad8 27. Nb7 Rb8 28.
Rc5 Qd4 29. Nxa5 Rxb2 30. Qc4+ Kh7 31. Qxd4 exd4 32. Rxc6 Ree2 33. Nc4 Ra2 34.
Rf1 h5 35. h4 Bf8 36. Rc7+ Kg8 37. Rc8 Kf7 38. Rc7+ Be7 39. Rd7 Ke6 40. Rxd4 Bc5
41. Rf4 Rec2 42. g3 Kf6 43. Kg2 Ba7 44. a4 Kg7 45. a5 Kf6 46. Rf3 Re2 47. Nd6
Rxa5 48. Ne4+ Kg7 49. Ng5 Raa2 50. Nh3 Red2 51. Rc1 Rac2 52. Rxc2 Rxc2 53. Rf4
Rd2 54. Rc4 Bb6 55. Rc6 Bd4 56. Rd6 Bc5 57. Rd5 Be3 58. Kf3 Bh6 59. Ng5 Bxg5 60.
hxg5 Ra2 61. Rd7+ Kg8 62. d4 Rd2 63. Ke3 Rd1 64. Kf4 Re1 65. f3 Kf8 66. d5 Re2
67. Rc7 Re1 68. d6 Ke8 69. d7+ Kd8 70. Rc6 Kxd7 71. Rxg6 Rf1 72. Rh6 Ke7 73.
Rxh5 Kf7 1-0

[Event "ch-USA Seniors 2025"]
[Site "Saint Louis USA"]
[Date "2025.07.18"]
[Round "4.4"]
[White "Benjamin, Joel"]
[Black "Goldin, Alexander"]
[Result "1/2-1/2"]
[WhiteTitle "GM"]
[BlackTitle "GM"]
[WhiteElo "2473"]
[BlackElo "2541"]
[WhiteFideId "2000091"]
[BlackFideId "2019540"]
[EventDate "2025.07.15"]

1. e4 e5 2. Nf3 Nc6 3. Bb5 a6 4. Ba4 Nf6 5. Nc3 d6 6. Bxc6+ bxc6 7. d4 Nd7 8.
Qe2 a5 9. Be3 Ba6 10. Qd2 Be7 11. O-O-O f6 12. Nh4 g6 13. g3 Nb6 14. b3 exd4 15.
Bxd4 c5 16. Bxc5 dxc5 17. Qh6 Bd6 18. Nxg6 Kf7 19. Nh4 Bc8 20. e5 fxe5 21. Ne4
Qf8 22. Qf6+ Ke8 23. Rxd6 cxd6 24. Nxd6+ Kd7 25. Nf7 Kc7 26. Qxe5+ Kb7 27. Nxh8
Bd7 28. Qe4+ Kc7 29. Qe5+ Kb7 30. Qe4+ Kc7 31. Qe5+ Kb7 32. Qe4+ Kc7 33. Qe5+ 1/2-1/2

[Event "ch-USA Seniors 2025"]
[Site "Saint Louis USA"]
[Date "2025.07.18"]
[Round "4.5"]
[White "Dlugy, Maxim"]
[Black "Shabalov, Alexander"]
[Result "1/2-1/2"]
[WhiteTitle "GM"]
[BlackTitle "GM"]
[WhiteElo "2514"]
[BlackElo "2478"]
[WhiteFideId "2000075"]
[BlackFideId "2008572"]
[EventDate "2025.07.15"]

1. d4 Nf6 2. c4 c6 3. Nc3 d5 4. cxd5 cxd5 5. Bf4 Nc6 6. e3 a6 7. Nf3 Bg4 8. Be2
e6 9. O-O Be7 10. h3 Bh5 11. Rc1 O-O 12. Na4 Ne4 13. Nd2 Nxd2 14. Qxd2 Bxe2 15.
Qxe2 Qa5 16. Qc2 Rfc8 17. Qb3 b5 18. Nc5 b4 19. Bg3 Qb5 20. Qa4 Nxd4 21. Qxb5
Nxb5 22. Na4 Bd8 23. Rfd1 h5 24. f3 Bf6 25. Nb6 Rxc1 26. Rxc1 Rd8 27. Na4 d4 28.
e4 d3 29. Rd1 b3 30. axb3 Nd4 31. Bc7 Rd7 32. e5 Rxc7 33. exf6 Rc2 34. Rxd3 Ne2+
35. Kf1 gxf6 36. h4 f5 37. Rd6 Ng3+ 38. Ke1 Kg7 39. Rd2 Rc1+ 40. Rd1 Rc7 41. Rd4
Rc2 42. Rd2 Rc1+ 43. Rd1 Rc6 44. Rd4 e5 45. Rc4 Rd6 46. Nc3 f4 47. Ne4 Nxe4 48.
Rxe4 Kf6 49. Rc4 Rb6 50. Rc8 Kf5 51. Rh8 Rxb3 52. Rxh5+ Ke6 53. Kf1 Rxb2 54.
Rh6+ f6 55. Rh7 Kf5 56. Rg7 a5 57. h5 Rb1+ 58. Kf2 Rh1 59. Ra7 Rxh5 60. Rxa5 Rh8
61. Ra2 Rb8 62. g3 Rh8 63. g4+ Kg5 64. Ra7 Kg6 65. Kg2 Rd8 66. Rb7 Ra8 67. Rc7
Ra2+ 68. Kf1 Rh2 69. Ra7 Rh7 70. Ra8 Rb7 71. Kf2 Rc7 72. Rb8 Kf7 73. Rb6 Rd7 74.
Ra6 Rd2+ 75. Ke1 Rb2 76. Kf1 Kg6 77. Ra8 e4 78. Ra4 Rb1+ 79. Ke2 Rb2+ 80. Kf1
Rb1+ 81. Ke2 Rb2+ 82. Kf1 Rb1+ 1/2-1/2